Financial management / (Record no. 145900)
[ view plain ]
| 000 -LEADER | |
|---|---|
| fixed length control field | 01138nam a22003017a 4500 |
| 005 - DATE AND TIME OF LATEST TRANSACTION | |
| control field | 20181006122023.0 |
| 010 ## - LCCN (DPL NO) | |
| LC control number | 1718EN-30 ENG-121412 B-709304 |
| 020 ## - INTERNATIONAL STANDARD BOOK NUMBER | |
| Terms of availability | 750.00 |
| International Standard Book Number | 9789325982291 |
| 035 ## - SYSTEM CONTROL NUMBER | |
| System control number | EN-104944 |
| 035 ## - SYSTEM CONTROL NUMBER | |
| System control number | B-709304 |
| 035 ## - SYSTEM CONTROL NUMBER | |
| System control number | B-686374-382 |
| 037 ## - SOURCE OF ACQUISITION | |
| Source of stock number/acquisition | Asian |
| Stock number | dpl |
| 037 ## - SOURCE OF ACQUISITION | |
| Source of stock number/acquisition | L/RP/RK Books |
| Stock number | Dpl |
| 037 ## - SOURCE OF ACQUISITION | |
| Source of stock number/acquisition | DBAD/PUB |
| 082 ## - DEWEY DECIMAL CLASSIFICATION NUMBER | |
| Classification number | 658.15 |
| 100 ## - MAIN ENTRY--PERSONAL NAME | |
| Personal name | Pandey, I. M. |
| 245 ## - TITLE STATEMENT | |
| Title | Financial management / |
| Statement of responsibility, etc | by I. M. Pandey |
| 250 ## - EDITION STATEMENT | |
| Edition statement | 11th ed 2018(repr) |
| 260 ## - PUBLICATION, DISTRIBUTION, ETC. (IMPRINT) | |
| Place of publication, distribution, etc | New Delhi |
| Name of publisher, distributor, etc | Vikas Publishing House |
| Date of publication, distribution, etc | 2017 |
| 270 ## - ADDRESS | |
| City | New Delhi |
| Postal code | 110002 |
| Address | 5, Ansari Road, Darya Ganj |
| 300 ## - PHYSICAL DESCRIPTION | |
| Extent | xxiv,921p. |
| Dimensions | 27cm(pbk) |
| 500 ## - GENERAL NOTE | |
| General note | Includes index<br/> |
| 650 ## - SUBJECT ADDED ENTRY--TOPICAL TERM | |
| Topical term or geographic name as entry element | Managerial accounting |
| 650 ## - SUBJECT ADDED ENTRY--TOPICAL TERM | |
| Topical term or geographic name as entry element | Saving and investment |
| 942 ## - ADDED ENTRY ELEMENTS (KOHA) | |
| Source of classification or shelving scheme | Dewey Decimal Classification |
| Item type | English Books |
| Classification part | 658.15 |
| Call number suffix | PAN |
| Withdrawn status | Lost status | Not for loan | Collection code | Home library | Current library | Date acquired | Source of acquisition | Cost, normal purchase price | Full call number | Barcode | Copy number | Cost, replacement price | Koha item type |
|---|---|---|---|---|---|---|---|---|---|---|---|---|---|
| Non-fiction | Ashok Vihar | Ashok Vihar | 23/01/2018 | ABC/5304/5.12.17/BPPD/EN/2017-18/636/20.11.17/6.1.2018 | 750.00 | 658.15 PAN | B-686375 | 1 | 750.00 | English Books | |||
| Non-fiction | Bawana | Bawana | 23/01/2018 | ABC/5304/5.12.17/BPPD/EN/2017-18/636/20.11.17/6.1.2018 | 750.00 | 658.15 PAN | B-686381 | 1 | 750.00 | English Books | |||
| Non-fiction | Central Library | Central Library | 23/01/2018 | ABC/5304/5.12.17/BPPD/EN/2017-18/636/20.11.17/6.1.2018 | 750.00 | 658.15 PAN | B-686374 | 1 | 750.00 | English Books | |||
| Non-fiction | Central Library | Central Library | 06/10/2018 | RK Books/IN1648/20.09.2018/161/08.09.2018/27.09.2018 | 750.00 | 658.15 PAN | B-709304 | 1 | 750.00 | English Books | |||
| Non-fiction | Janak Puri | Janak Puri | 23/01/2018 | ABC/5304/5.12.17/BPPD/EN/2017-18/636/20.11.17/6.1.2018 | 750.00 | 658.15 PAN | B-686378 | 1 | 750.00 | English Books | |||
| Non-fiction | Kasturba Gandhi Marg | Kasturba Gandhi Marg | 23/01/2018 | ABC/5304/5.12.17/BPPD/EN/2017-18/636/20.11.17/6.1.2018 | 750.00 | 658.15 PAN | B-686377 | 1 | 750.00 | English Books | |||
| Non-fiction | Narela | Narela | 23/01/2018 | ABC/5304/5.12.17/BPPD/EN/2017-18/636/20.11.17/6.1.2018 | 750.00 | 658.15 PAN | B-686380 | 1 | 750.00 | English Books | |||
| Non-fiction | Patel Nagar | Patel Nagar | 16/11/2017 | DBAD/PUB | 699.00 | 658.15 PAN | EN-104944 | 1 | 699.00 | English Books | |||
| Non-fiction | Patel Nagar | Patel Nagar | 23/01/2018 | ABC/5304/5.12.17/BPPD/EN/2017-18/636/20.11.17/6.1.2018 | 750.00 | 658.15 PAN | B-686376 | 1 | 750.00 | English Books | |||
| Non-fiction | Sarojini Nagar | Sarojini Nagar | 23/01/2018 | ABC/5304/5.12.17/BPPD/EN/2017-18/636/20.11.17/6.1.2018 | 750.00 | 658.15 PAN | B-686379 | 1 | 750.00 | English Books | |||
| Non-fiction | Shahdara Branch | Shahdara Branch | 23/01/2018 | ABC/5304/5.12.17/BPPD/EN/2017-18/636/20.11.17/6.1.2018 | 750.00 | 658.15 PAN | B-686382 | 1 | 750.00 | English Books |
